000 nam a22 a 4500
999 _c159
_d159
003 AKMAL
005 20170421104027.0
008 17 s1975 enk g 000 0 eng d
020 _a0198611188
040 _aAKMAL
082 _aR 423 OXF
090 _aR 423
_bOXF
245 0 4 _aThe Oxford illustrated dictionary. :
_bText edited by J. Coulson [and others]. /
_cIllustrations edited by Helen Mary Petter. ; Revised by Dorothy Eagle with the assistance of Joyce Hawkins.
250 _a2d ed.
260 _aLondon :
_bOxford University Press,
_c1975.
300 _a1018p.
_c23cm
500 _aFirst published, 1962.
700 1 _aCoulson, Jessie,
_d1903-
_9390
700 1 _aEagle, Dorothy
_9391
700 1 _aHawkins, Joyce M.
_9344
942 _2ddc
_cBOOK